000 00751nab a2200229 u 4500
001 09341
003 HDC
007 cr bn ---aaaaa
008 210201c2010 my dr|nes 0 a may d
040 _aHDC
245 0 _aMITI Mahu Produk Halal IKS ke Timur Tengah
260 _aKuala Lumpur :
_bUtusan Melayu (M) Bhd.,
_c2010
336 _atext
_2rdacontent
337 _acomputer
_2rdamedia
338 _aonline resource
_2rdacarrier
650 _aHalal product
_zMalaysia
_95641
650 _aSME development
_96622
856 _zRequest full-text at [email protected]
942 _2lcc
942 _cNEWS
942 _kNWSC 002456
999 _c6664
_d6664